Normal view
MARC view
Entry Personal Name
001 - CONTROL NUMBER
- control field: 765
003 - CONTROL NUMBER IDENTIFIER
- control field: BD-RjUL
005 - DATE AND TIME OF LATEST TRANSACTION
- control field: 20220117112906.0
008 - FIXED-LENGTH DATA ELEMENTS
- fixed length control field: 220117|| aca||aabn | a|a d
040 ## - CATALOGING SOURCE
- Original cataloging agency: BD-RjUL
- Transcribing agency: BD-RjUL
100 ## - HEADING--PERSONAL NAME
- Personal name: হারুন, লায়লা নাজনীন
670 ## - SOURCE DATA FOUND
- Source citation: Work cat.: (BD-RjUL)79196: শ্রেষ্ঠ বাঙালি বঙ্গবন্ধু শেখ মুজিবুর রহমান /, ২০২১